=LDR 00000nam 2200000 4500 =001 INLIS000000000037857 =005 20130612143551 =008 ***********************************Ind** =035 ##$$a0010-061300000037857 =041 ##$$a Ind =082 ##$$a 371.11 =090 ##$$a 371.11, Hid g =100 ##$$a Hidayatullah, M. Furqon =245 ##$$a Guru sejati, membangun insan berkarakter kuat dan cerdas, M. Furqon Hidayatullah ; editor, Muhammad Rohmadi =260 ##$$a 2010 $b Surakarta =300 ##$$a xiii, 256 hlm, 21 cm =650 ##$$a Guru profesional =850 ##$$a NBPNMAT =990 ##$$a 21400613/BPAP-NTB/20142014 =990 ##$$a 21400613/BPAP-NTB/20142014